White Canada forever: popular attitudes and public policy toward orientals in British Columbia
| Autor principal: | |
|---|---|
| Tipo de documento: | Print Libro |
| Lenguaje: | Inglés |
| Publicado: |
Montreal [u.a.]
McGill Queen's Univ. Press [u.a.]
1990
|
| En: |
McGill Queens studies in ethnic history / 1 (8)
Año: 1990 |
| Edición: | 2. ed. |
| Disponibilidad en Tübingen: | Disponible en Tübingen. UB: KB 18 A 8062 |
| Verificar disponibilidad: | HBZ Gateway |
| Servicio de pedido Subito: | Pedir ahora. |
| Palabras clave: |
MARC
| LEADER | 00000cam a2200000 c 4500 | ||
|---|---|---|---|
| 001 | 275152782 | ||
| 003 | DE-627 | ||
| 005 | 20251222212753.0 | ||
| 007 | tu | ||
| 008 | 910717s1990 xxc||||| 00| ||eng c | ||
| 020 | |a 0773508244 |9 0-7735-0824-4 | ||
| 035 | |a (DE-627)275152782 | ||
| 035 | |a (DE-576)024873128 | ||
| 035 | |a (DE-599)GBV275152782 | ||
| 035 | |a (OCoLC)243714516 | ||
| 035 | |a (OCoLC)23133882 | ||
| 035 | |a (OCoLC)23133882 | ||
| 035 | |a (DE-604)8047245158 | ||
| 040 | |a DE-627 |b ger |c DE-627 |e rakwb | ||
| 041 | |a eng | ||
| 044 | |c XD-CA |c XA-GB | ||
| 082 | 0 | |a 971.1/004951 | |
| 084 | |a MS 3300 |2 rvk |0 (DE-625)rvk/123679: | ||
| 100 | 1 | |a Ward, William Peter |d 1943- |0 (DE-588)12851650X |0 (DE-627)707007429 |0 (DE-576)297189727 |4 aut | |
| 109 | |a Ward, William Peter 1943- |a Ward, W. Peter 1943- |a Ward, Peter 1943- | ||
| 245 | 1 | 0 | |a White Canada forever |b popular attitudes and public policy toward orientals in British Columbia |c W. Peter Ward |
| 250 | |a 2. ed. | ||
| 264 | 1 | |a Montreal [u.a.] |b McGill Queen's Univ. Press [u.a.] |c 1990 | |
| 300 | |a XIX, 207 S. |b Ill. | ||
| 336 | |a Text |b txt |2 rdacontent | ||
| 337 | |a ohne Hilfsmittel zu benutzen |b n |2 rdamedia | ||
| 338 | |a Band |b nc |2 rdacarrier | ||
| 490 | 1 | |a McGill-Queen's studies in ethnic history |a [Series one] |v 8 | |
| 583 | 1 | |a Archivierung prüfen |c 20200919 |f DE-640 |z 2 |2 pdager | |
| 583 | 1 | |a Archivierung prüfen |c 20240324 |f DE-4165 |z 1 |2 pdager | |
| 689 | 0 | 0 | |d g |0 (DE-588)4029456-0 |0 (DE-627)106274163 |0 (DE-576)208982698 |a Kanada |2 gnd |
| 689 | 0 | 1 | |d g |0 (DE-588)4069670-4 |0 (DE-627)106102915 |0 (DE-576)209177470 |a British Columbia |2 gnd |
| 689 | 0 | 2 | |d s |0 (DE-588)4170001-6 |0 (DE-627)105405663 |0 (DE-576)209926848 |a Minderheitenpolitik |2 gnd |
| 689 | 0 | 3 | |d s |0 (DE-588)4003730-7 |0 (DE-627)10468299X |0 (DE-576)208852646 |a Ausländerfeindlichkeit |2 gnd |
| 689 | 0 | 4 | |d s |0 (DE-588)4198081-5 |0 (DE-627)104577185 |0 (DE-576)210119543 |a Asiaten |2 gnd |
| 689 | 0 | |5 (DE-627) | |
| 689 | 1 | 0 | |d g |0 (DE-588)4069670-4 |0 (DE-627)106102915 |0 (DE-576)209177470 |a British Columbia |2 gnd |
| 689 | 1 | 1 | |d s |0 (DE-588)4043152-6 |0 (DE-627)104826274 |0 (DE-576)209054492 |a Öffentliche Meinung |2 gnd |
| 689 | 1 | 2 | |d s |0 (DE-588)4198081-5 |0 (DE-627)104577185 |0 (DE-576)210119543 |a Asiaten |2 gnd |
| 689 | 1 | |5 (DE-627) | |
| 689 | 2 | 0 | |d g |0 (DE-588)4069670-4 |0 (DE-627)106102915 |0 (DE-576)209177470 |a British Columbia |2 gnd |
| 689 | 2 | 1 | |d s |0 (DE-588)4198081-5 |0 (DE-627)104577185 |0 (DE-576)210119543 |a Asiaten |2 gnd |
| 689 | 2 | 2 | |d s |0 (DE-588)4076527-1 |0 (DE-627)10445184X |0 (DE-576)209202130 |a Rassismus |2 gnd |
| 689 | 2 | 3 | |a z |2 gnd |a Geschichte 1850-1950 |
| 689 | 2 | |5 (DE-627) | |
| 830 | 0 | |a McGill Queens studies in ethnic history / 1 |v 8 |9 802 |w (DE-627)131107208 |w (DE-576)020060726 |w (DE-600)1119720-1 |x 0846-8869 |7 am | |
| 889 | |w (DE-627)02236532X | ||
| 935 | |i mdedup | ||
| 935 | |i Blocktest | ||
| 936 | r | v | |a MS 3300 |b Allgemeine Literatur |k Soziologie |k Spezielle Soziologien |k Soziologie der Minoritäten und Randgruppen |k Allgemeine Literatur |0 (DE-627)1270879677 |0 (DE-625)rvk/123679: |0 (DE-576)200879677 |
| 951 | |a BO | ||
| ELC | |b 1 | ||
| LOK | |0 000 xxxxxcx a22 zn 4500 | ||
| LOK | |0 001 3358655164 | ||
| LOK | |0 003 DE-627 | ||
| LOK | |0 004 275152782 | ||
| LOK | |0 005 20151014171328 | ||
| LOK | |0 008 910717||||||||||||||||ger||||||| | ||
| LOK | |0 040 |a DE-21 |c DE-627 |d DE-21 | ||
| LOK | |0 852 |a DE-21 | ||
| LOK | |0 852 1 |c KB 18 A 8062 |9 00 | ||
| LOK | |0 935 |a krim | ||
| LOK | |0 939 |a 17-07-91 |b l01 | ||
| ORI | |a SA-MARC-krimdoka001.raw | ||
| SIG | |a UB: KB 18 A 8062 | ||
| TIM | |a 100018500101_100019501231 |b Geschichte 1850-1950 | ||
